Vector analysis

Salvato in:
Dettagli Bibliografici
Autore principale: Spain, Barry (Autore)
Natura: Libro
Lingua:inglese
Pubblicazione: Londres D. van Nostrand 1967
Edizione:2a. ed
Serie:The New University Mathematics Series
Soggetti:
Tags: Aggiungi Tag
Nessun Tag, puoi essere il primo ad aggiungerne!!

MARC

LEADER 00000nam a2200000 a 4500
001 UCL2547
003 CL-VaPUC
008 031024e19670000UK |||||||||||||||||eng|d
082 0 4 |a 515.63  |b SPA  |2 21 
100 0 |a Spain, Barry  |e author  |9 547194 
245 1 0 |a Vector analysis 
250 |a 2a. ed 
300 |a 114 p 
942 |c BK 
945 |d 20031024 00:00:00  |a cmena 
260 |a Londres  |b D. van Nostrand  |c 1967 
650 0 |a Análisis vectorial   |9 260451 
650 0 |a Cálculo diferencial   |9 260102 
650 0 |a Álgebra  |9 259567 
650 0 |a Geometría diferencial   |9 315147 
583 |a last modification  |c 20031024 00:00:00  |k Rodrigo Vera 
490 0 |a The New University Mathematics Series 
999 |c 339735  |d 339733 
952 |0 0  |1 0  |4 0  |6 515_630000000000000_SPA_1967  |7 0  |8 A  |9 433546  |a BIBCUR  |b BIBCUR  |d 2019-11-22  |i 2083558  |o 515.63 SPA 1967  |p 2083558  |r 2025-04-22  |w 2019-11-22  |y BK  |k FIS